Manusia dan Psikologi / (Record no. 175703)

MARC details
000 -LEADER
fixed length control field 01213aam a2200397 i 4500
001 - CONTROL NUMBER
control field vtls000823255
003 - CONTROL NUMBER IDENTIFIER
control field PNM
005 - DATE AND TIME OF LATEST TRANSACTION
control field 20191229100446.0
008 - FIXED-LENGTH DATA ELEMENTS--GENERAL INFORMATION
fixed length control field 170411t20172017my e a001 0 may
015 ## - NATIONAL BIBLIOGRAPHY NUMBER
National bibliography number M171-01018
020 ## - INTERNATIONAL STANDARD BOOK NUMBER
International Standard Book Number 9789831009031
Qualifying information paperback
Terms of availability RM60.00
039 #9 - LEVEL OF BIBLIOGRAPHIC CONTROL AND CODING DETAIL [OBSOLETE]
Level of rules in bibliographic description 201711211354
Level of effort used to assign nonsubject heading access points aznah
Level of effort used to assign subject headings 201711211303
Level of effort used to assign classification aznah
Level of effort used to assign subject headings 201707120933
Level of effort used to assign classification zaleha
Level of effort used to assign subject headings 201705231532
Level of effort used to assign classification rosliza
040 ## - CATALOGING SOURCE
Original cataloging agency BNM
Language of cataloging eng
Transcribing agency BNM
Modifying agency PNM
-- PPAK
Description conventions rda
049 ## - LOCAL HOLDINGS (OCLC)
Holding library klpmal
082 04 - DEWEY DECIMAL CLASSIFICATION NUMBER
Classification number 150.72
Edition number 23
090 00 - LOCALLY ASSIGNED LC-TYPE CALL NUMBER (OCLC); LOCAL CALL NUMBER (RLIN)
Classification number (OCLC) (R) ; Classification number, CALL (RLIN) (NR) 150.72
Feature heading MOH
Feature heading G
100 0# - MAIN ENTRY--PERSONAL NAME
Personal name Mohd Awang Idris,
Relator term author.
245 10 - TITLE STATEMENT
Title Manusia dan Psikologi /
Statement of responsibility, etc. Mohd Awang Idris
264 #1 - PRODUCTION, PUBLICATION, DISTRIBUTION, MANUFACTURE, AND COPYRIGHT NOTICE
Place of production, publication, distribution, manufacture Kuala Lumpur :
Name of producer, publisher, distributor, manufacturer Penerbit Universiti Malaya,
Date of production, publication, distribution, manufacture, or copyright notice 2017
Date of production, publication, distribution, manufacture, or copyright notice ©2017
300 ## - PHYSICAL DESCRIPTION
Extent xi, 329 pages ;
Dimensions 23 cm
336 ## - CONTENT TYPE
Content type term text
Source rdacontent
337 ## - MEDIA TYPE
Media type term unmediated
Source rdamedia
338 ## - CARRIER TYPE
Carrier type term volume
Source rdacarrier
500 ## - GENERAL NOTE
General note Includes index
650 10 - SUBJECT ADDED ENTRY--TOPICAL TERM
Topical term or geographic name entry element Psychology
Topical term or geographic name entry element Personnel management
Topical term or geographic name entry element Social sciences and psychology
Topical term or geographic name entry element Government publications
Geographic subdivision Malaysia
942 ## - ADDED ENTRY ELEMENTS (KOHA)
Source of classification or shelving scheme Dewey Decimal Classification
Koha item type Book
949 ## - LOCAL PROCESSING INFORMATION (OCLC)
6 1001362101
6 1001362102
6 2000481042
a 150.72 MAI M
6 2000481041
a 150.72 MAI M
6 2000480790
a 150.72 MAI M
Holdings
Withdrawn Not for loan Current library Shelving location Date acquired Total Checkouts Total Renewals Full call number Barcode Date last seen Date last checked out Koha item type
    Perpustakaan Alor Setar Pinjaman Dewasa 12/01/2020 12 6 150.72 MOH A01626736 17/07/2025 24/05/2025 Book
    Perpustakaan Awam Sungai Petani Pinjaman Dewasa 12/01/2020 9   150.72 MOH A01626737 09/03/2024 14/02/2024 Book
    Perpustakaan Baling Pinjaman Dewasa 12/01/2020 2 1 150.72 MOH A01626740 09/05/2026 19/04/2026 Book
    Perpustakaan Kulim Pinjaman Dewasa 12/01/2020 7   150.72 MOH A01626738 28/12/2025 21/12/2025 Book
    Perpustakaan Langkawi Pinjaman Dewasa 12/01/2020 1   150.72 MOH A01626739 15/09/2020 17/08/2020 Book